Marketing no projeto e desenvolvimento de novos Productos: (Record no. 20037)
[ view plain ]
| 000 -CABECERA | |
|---|---|
| campo de control de longitud fija | 00598nam a2200193 4500 |
| 003 - IDENTIFICADOR DEL NÚMERO DE CONTROL | |
| campo de control | OSt |
| 005 - FECHA Y HORA DE LA ÚLTIMA TRANSACCIÓN | |
| campo de control | 20260601171000.0 |
| 008 - DATOS DE LONGITUD FIJA--INFORMACIÓN GENERAL | |
| campo de control de longitud fija | 260508b1997\\\\|||ad|||\||||\001\0\por\d |
| 040 ## - FUENTE DE LA CATALOGACIÓN | |
| Centro catalogador/agencia de origen | ICI |
| Lengua de catalogación | spa |
| Centro/agencia transcriptor | ICI |
| 050 ## - SIGNATURA TOPOGRÁFICA DE LA BIBLIOTECA DEL CONGRESO | |
| Número de clasificación | HF5415 |
| Número de documento/Ítem | A153 |
| 100 #1 - ENTRADA PRINCIPAL--NOMBRE DE PERSONA | |
| Nombre de persona | Acar Filho, Nelson |
| 9 (RLIN) | 31297 |
| 245 #1 - MENCIÓN DE TÍTULO | |
| Título | Marketing no projeto e desenvolvimento de novos Productos: |
| Resto del título | O papel do desenhista industrial |
| 264 ## - PRODUCCIÓN, PUBLICACIÓN, DISTRIBUCIÓN, FABRICACIÓN Y COPYRIGHT | |
| Nombre del de productor, editor, distribuidor, fabricante | Instituto Brasileiro de Ciencia y Tecnolgía |
| Fecha de producción, publicación, distribución, fabricación o copyright | 1997 |
| Producción, publicación, distribución, fabricación y copyright | Brasil |
| 300 ## - DESCRIPCIÓN FÍSICA | |
| Extensión | 60 páginas |
| 336 ## - TIPO DE CONTENIDO | |
| Término de tipo de contenido | texto |
| Fuente | rdacontent |
| 337 ## - TIPO DE MEDIO | |
| Nombre/término del tipo de medio | sin medio |
| Fuente | rdamedia |
| 338 ## - TIPO DE SOPORTE | |
| Nombre/término del tipo de soporte | volumen |
| Fuente | rdacarrier |
| 942 ## - ELEMENTOS DE PUNTO DE ACCESO ADICIONAL (KOHA) | |
| Fuente del sistema de clasificación o colocación | Library of Congress Classification |
| Tipo de ítem Koha | Libros |
| Suprimir en OPAC | 1 |
No items available.